[Event "Pontevedra op-B 6th"]
[Site "Pontevedra"]
[Date "2018.08.13"]
[Round "8"]
[White "Portela Medrano, Pablo"]
[Black "Rodriguez Rey, Juan"]
[Result "1-0"]
[WhiteElo "1290"]
[BlackElo "1460"]
[PlyCount "67"]
[EventDate "2018.08.08"]
[EventType "swiss"]
[EventRounds "9"]
[EventCountry "ESP"]
[SourceTitle "CBM 186 Extra"]
[Source "ChessBase"]
[SourceDate "2018.08.24"]
[SourceVersion "1"]
[SourceVersionDate "2018.08.24"]
[SourceQuality "1"]

1. e4 c6 2. d4 d5 3. e5 Bf5 4. Nf3 e6 5. Bf4 Qb6 6. b3 c5 7. c3 Nc6 8. Be2 cxd4 9. cxd4 Bb4+ 10. Kf1 Nge7 11. a3 Bxb1 12. axb4 Ng6 13. Bg5 Be4 14. b5 Bxf3 15. bxc6 Bxe2+ 16. Kxe2 Qxc6 17. Qd3 0-0 18. h4 Qd7 19. h5 Ne7 20. h6 g6 21. Qf3 Nf5 22. Kf1 Qb5+ 23. Kg1 Qb4 24. Rh4 f6 25. exf6 Nxh4 26. Bxh4 Qxd4 27. Re1 Qxh4 28. Rxe6 Rad8 29. Qe3 d4 30. f7+ Rxf7 31. Re8+ Rf8 32. Qe6+ Kh8 33. Qe5+ Qf6 34. Qxf6+ 1-0

[Event "Pontevedra op-B 6th"]
[Site "Pontevedra"]
[Date "2018.08.12"]
[Round "7"]
[White "Rodriguez Rey, Juan"]
[Black "Steinhauser, Florian"]
[Result "0-1"]
[WhiteElo "1460"]
[BlackElo "1848"]
[PlyCount "88"]
[EventDate "2018.08.08"]
[EventType "swiss"]
[EventRounds "9"]
[EventCountry "ESP"]
[SourceTitle "CBM 186 Extra"]
[Source "ChessBase"]
[SourceDate "2018.08.24"]
[SourceVersion "1"]
[SourceVersionDate "2018.08.24"]
[SourceQuality "1"]

1. d4 Nf6 2. Nf3 g6 3. c4 d5 4. cxd5 Nxd5 5. e4 Nb6 6. Be3 Bg7 7. Nc3 0-0 8. Be2 Nc6 9. d5 Ne5 10. Nxe5 Bxe5 11. f4 Bg7 12. 0-0 c6 13. Qb3 Bxc3 14. bxc3 cxd5 15. Rfd1 e6 16. c4 dxc4 17. Rxd8 cxb3 18. Rxf8+ Kxf8 19. axb3 Nd7 20. Rxa7 Rxa7 21. Bxa7 Nf6 22. Bd3 Bd7 23. Kf2 Bc6 24. Kf3 Nd7 25. g4 b6 26. b4 Ke7 27. Ke3 Kd6 28. f5 Kc7 29. Ba6 Nf6 30. fxg6 hxg6 31. Bd3 Kb7 32. Bxb6 Kxb6 33. Kf4 Kc7 34. h4 Kd7 35. b5 Bb7 36. e5 Nd5+ 37. Kg5 Ke7 38. h5 gxh5 39. gxh5 Kf8 40. h6 Bc8 41. Bc4 Bd7 42. b6 Nxb6 43. Kf6 Kg8 44. Bb3 Nd5+ 0-1